| 000 | 00565nab a2200193 a 4500 | ||
|---|---|---|---|
| 005 | 20210219155402.0 | ||
| 008 | 991125s1985 mx 000 0 spa u | ||
| 035 | _aUPN01000144215 | ||
| 100 | 1 | _aDimas Rios, Andrés | |
| 222 | _aEDUC ACCION | ||
| 245 | _aLa enseñanza del número racional en quinto grado de educación primaria | ||
| 260 | _aHidalgo, México | ||
| 300 | _a27-41 | ||
| 362 | 0 | _a2004 Año 1, no. 3, sept.-dic. | |
| 653 | 0 | _aNUMERO RACIONAL | |
| 653 | 0 | _aCONOCIMIENTO MATEMATICO | |
| 653 | 0 | _aESTRATEGIAS DE ENSEÑANZA | |
| 905 | _aArticulo | ||
| 999 |
_c116362 _d116362 |
||